The Midas touch : Scholar's popular fairy tales / (Record no. 7428)

MARC details
000 -LEADER
fixed length control field 01385nam a22002777a 4500
001 - CONTROL NUMBER
control field 7428
003 - CONTROL NUMBER IDENTIFIER
control field FISKH
005 - DATE AND TIME OF LATEST TRANSACTION
control field 20250715091848.0
008 - FIXED-LENGTH DATA ELEMENTS--GENERAL INFORMATION
fixed length control field 250715b cb ||||| |||| 00| 0 eng d
020 ## - INTERNATIONAL STANDARD BOOK NUMBER
International Standard Book Number 9789833435302
040 ## - CATALOGING SOURCE
Original cataloging agency FISKH
Language of cataloging eng
Transcribing agency FISKH
Modifying agency FISKH173.9
050 ## - LIBRARY OF CONGRESS CALL NUMBER
Classification number PZ7
082 ## - DEWEY DECIMAL CLASSIFICATION NUMBER
Classification number 173.9
100 ## - MAIN ENTRY--PERSONAL NAME
Personal name Shilpi
245 ## - TITLE STATEMENT
Title The Midas touch : Scholar's popular fairy tales /
Statement of responsibility, etc. Edited by Shilpi & Deepti
260 ## - PUBLICATION, DISTRIBUTION, ETC.
Place of publication, distribution, etc. Kuala Lampur :
Name of publisher, distributor, etc. Scholar's Publications,
Date of publication, distribution, etc. 2010.
300 ## - PHYSICAL DESCRIPTION
Extent 16 pages :
Other physical details color illustrations ;
Dimensions 28 cm
505 ## - FORMATTED CONTENTS NOTE
Formatted contents note J<br/>
520 ## - SUMMARY, ETC.
Summary, etc. The Midas Touch is a retelling of the classic Greek myth about King Midas, a wealthy but greedy man who wishes that everything he touches would turn to gold. At first, Midas is thrilled with his newfound power. He turns flowers, furniture, and even food into shining gold. But soon, he realizes the curse of his wish—he cannot eat, drink, or hug his daughter without turning her to gold.<br/>The story teaches a powerful lesson about greed, gratitude, and the true value of life. Midas ultimately begs for the gift to be taken away, learning that riches mean nothing without love, joy, and human connection.
521 8# - TARGET AUDIENCE NOTE
Target audience note 500<br/>
Source Lexile estimate<br/>
521 8# - TARGET AUDIENCE NOTE
Target audience note J<br/>
Source Raz-Plus<br/>
650 ## - SUBJECT ADDED ENTRY--TOPICAL TERM
Topical term or geographic name entry element Moral Story
Form subdivision Greed
General subdivision Character Building
700 ## - ADDED ENTRY--PERSONAL NAME
Personal name Deepti
Relator term Author
942 ## - ADDED ENTRY ELEMENTS (KOHA)
Source of classification or shelving scheme Dewey Decimal Classification
Koha item type Books
Suppress in OPAC No
Holdings
Withdrawn status Lost status Source of classification or shelving scheme Damaged status Not for loan Collection Home library Current library Shelving location Date acquired Total Checkouts Full call number Barcode Date last seen Copy number Price effective from Koha item type
    Dewey Decimal Classification     Juvenile Fiction Footprints International School Library Network Toul Kork Campus Footprints International School Library Network Toul Kork Campus TK Primary Library Room(4th Floor), Bookcase 1&2, Shelves 1-16, Dark Blue Books 07/15/2025   SHI 173.9 PZ7 2025-1857 07/15/2025 1 07/15/2025 Books